000 01592nam a22003017a 4500
003 PE SENCICO BE
005 20251020182642.0
008 230918b |||||||| |||| 00| 0 eng d
040 _aPE SENCICO BE
_cPE SENCICO BE
041 _aspa
084 _aI
_aLAB
_a2018
_bS21
100 1 _91583
_aSanchez Cossio, Luis Alberto
_eautor
245 1 _aEnsayos en suelos /
_cLuis Alberto Sanchez Cossio
260 _aLima :
_c2018
300 _a82 hojas :
_bilustraciones a color, diagramas, tabls. ;
_c30 cm.
500 _aEn la portada: Métodos de ensayo para el análisis granulométrico por tamizado -- Método de ensayo para determinar el límite líquido, límite plástico e índice de plasticidad -- Método de ensayo para la compactación del suelo en laboratorio utilizando una energía modificada -- Método de ensayo de CBR (relación de soporte California) de suelos compactados en laboratorio.
502 _aMonografía de Titulación.-- Servicio Nacional de Capacitación para la Industria de la Construcción. Escuela Superior Técnica. Carrera Profesional Técnica en Laboratorio de Suelos, Concreto y Asfalto, 2018.
504 _aBibliografía: h. 82.
650 1 0 _91262
_aLaboratorio de suelos
650 2 0 _91263
_aLaboratorio de ensayo de materiales
650 2 0 _91565
_aCompactación de suelos
650 2 0 _91569
_aAnálisis de suelos
650 2 0 _91562
_aGranulometría
650 2 0 _91584
_aPlasticidad
710 1 _aServicio Nacional de Capacitación para la Industria de la Construcción.
_bEscuela Superior Técnica
_91065
910 _bhfp
_chfp
942 _cMON
999 _c4314
_d4314